| 000 | 01203nam a22002057a 4500 | ||
|---|---|---|---|
| 999 |
_c59218 _d59218 |
||
| 003 | Ge_BSU | ||
| 005 | 20221214165259.0 | ||
| 008 | 221214s1984ge xxu||||| |||| 00| 0 geo d | ||
| 041 | _ageo | ||
| 080 | _a94(470) კ-33 | ||
| 100 |
_aკასვინოვი, მ., ავტ. _916418 |
||
| 245 |
_aოცდასამი დაღმავალი საფეხური : _b[ისტორია რომანოვების დინასტიის უკანასკნელ წარმომადგენელზე / _cმ. კასვინოვი ; წინასიტყვ. ავტ. ვ. არხიპენკო თარგმ. ო. კასრაძემ]. |
||
| 264 |
_aთბილისი: _bსაბჭ. საქართველო, _c1984. |
||
| 300 |
_a654 გვ. ; _b21 სმ. |
||
| 501 | _aწყაროები და ლიტ-რა: გვ. 625-650. | ||
| 653 | _aრუსეთის ისტორია. | ||
| 700 |
_aარხიპენკო, ვ _eწინასიტყვაობის ავტორი _916419 |
||
| 700 |
_aკასრაძე, ო _eმთარგმნელი _916420 |
||
| 942 |
_2udc _cBK |
||